La aventura de leer / (Record no. 11810)
[ view plain ]
| 000 -CABECERA | |
|---|---|
| campo de control de longitud fija | 00893cam a2200253 a 4500 |
| 001 - NÚMERO DE CONTROL | |
| campo de control | 000012145 |
| 005 - FECHA Y HORA DE LA ÚLTIMA TRANSACCIÓN | |
| campo de control | 20251107110522.0 |
| 008 - DATOS DE LONGITUD FIJA--INFORMACIÓN GENERAL | |
| campo de control de longitud fija | 930715s1988 pe a b 000 0 spa |
| 040 ## - FUENTE DE LA CATALOGACIÓN | |
| Centro catalogador/agencia de origen | DO-SdBNP |
| Lengua de catalogación | spa |
| Centro/agencia transcriptor | DLC |
| Centro/agencia modificador | BNPHU |
| 082 ## - NÚMERO DE LA CLASIFICACIÓN DECIMAL DEWEY | |
| Número de clasificación | 028 |
| Número de documento/Ítem | S211a |
| 049 ## - FONDOS LOCALES (OCLC) | |
| Fondos de biblioteca | BNGR |
| 100 1# - ENTRADA PRINCIPAL--NOMBRE DE PERSONA | |
| Nombre de persona | Sánchez Lihon, Danilo. |
| Fechas asociadas al nombre | 1944- |
| 9 (RLIN) | 28703 |
| 245 13 - MENCIÓN DE TÍTULO | |
| Título | La aventura de leer / |
| Mención de responsabilidad, etc. | Danilo Sánchez Lihon; introducción Juan Mejía Baca. |
| 260 ## - PUBLICACIÓN, DISTRIBUCIÓN, ETC. | |
| Lugar de publicación, distribución, etc. | Perú : |
| Nombre del editor, distribuidor, etc. | Paramonga, |
| -- | Biblioteca Nacional del Perú, |
| Fecha de publicación, distribución, etc. | 1988. |
| 300 ## - DESCRIPCIÓN FÍSICA | |
| Extensión | 108 p. : |
| Otras características físicas | il. ; |
| Dimensiones | 21 cm. |
| 490 1# - MENCIÓN DE SERIE | |
| Mención de serie | Perulibros |
| 500 ## - NOTA GENERAL | |
| Nota general | Serie distribuida gratuita editada por la Biblioteca Nacional de Peru |
| 504 ## - NOTA DE BIBLIOGRAFÍA, ETC. | |
| Nota de bibliografía, etc. | Incluye referencias bibliográficas (p. 107-108). |
| 650 #0 - PUNTO DE ACCESO ADICIONAL DE MATERIA--TÉRMINO DE MATERIA | |
| Término de materia o nombre geográfico como elemento de entrada | Libros y lectura |
| 9 (RLIN) | 1512 |
| 650 #4 - PUNTO DE ACCESO ADICIONAL DE MATERIA--TÉRMINO DE MATERIA | |
| Término de materia o nombre geográfico como elemento de entrada | Lectura |
| Subdivisión geográfica | Peru |
| 9 (RLIN) | 28704 |
| 650 #0 - PUNTO DE ACCESO ADICIONAL DE MATERIA--TÉRMINO DE MATERIA | |
| Término de materia o nombre geográfico como elemento de entrada | Promoción de la lectura |
| 9 (RLIN) | 7321 |
| 830 #0 - PUNTO DE ACCESO ADICIONAL DE SERIE-TÍTULO UNIFORME | |
| Título uniforme | Perulibro |
| 9 (RLIN) | 28705 |
| 910 ## - DATOS DE OPCIÓN DEL USUARIO (OCLC) | |
| Datos de opción del usuario | Catalogación por copia / LC |
| Estado de retiro | Estado de pérdida | Restricciones de uso | No para préstamo | Código de colección | Localización permanente | Ubicación/localización actual | Ubicación en estantería | Fecha de adquisición | Número de inventario | Total de préstamos | Signatura topográfica completa | Código de barras | Fecha visto por última vez | Precio válido a partir de | Tipo de ítem Koha |
|---|---|---|---|---|---|---|---|---|---|---|---|---|---|---|---|
| Préstamo interno | Monografías: Libros y Folletos | General | General | En catalogación | 05.11.2009 | LF1 | 028 S211a | 12145-10 | 25.06.2020 | 25.06.2020 | Préstamo interno |
